00927pam a2200265 i 450000100060000000300080000600500170001400800390003102000150007003500190008504000320010404100080013608200210014410000300016524500870019526000370028230000350031950400410035465000330039565000250042870000410045394200120049499900170050695201380052313637BD-RjUL20211208235504.0140201s1979 nyua b 001 0 eng a0070675163 a(BD-RjUL)13689 aDLCcDLCdDLCdBD-RjULbeng aeng00a621.38bVIP 19791 aViterbi, Andrew J.94267210aPrinciples of digital communication and coding /cAndrew J. Viterbi, Jim K. Omura. aNew York :bMcGraw-Hill,cc1979. axiii, 560 p. :bill. ;c25 cm. aBibliography: p. 547-552. and index. 0aDigital communications.9763 0aCoding theory.910651 aOmura, Jim K.,ejoint author.942675 2ddccBK c13637d13637 00102ddc40718NFICaRUCLbRUCLcReadingd1983-05-10eHelfers.g33.95l0o621.38 VIP 1979r2014-02-01 00:00:00tC-1w2014-02-01yBK